00406nam a2200145Ia 4500008004100000020001500041041001200056082001600068100001700084245009100101260003100192300000800223650001500231700001400246221030s9999 xx 000 0 und d a0761994289 aEnglish a105.23bLyn aR. P. Lynton 0aTraining for Organizational Transformation Part 1 For Policy Makers & Change Managers bSage Pub.aNew Delhic2000 a307 aManagement aU. Pareek